| 000 | 00585nam a2200193 a 4500 | ||
|---|---|---|---|
| 005 | 20180803165011.0 | ||
| 008 | 160122b xxua gr|||| 00| 0 spa d | ||
| 040 |
_aCO-BoIAVH _cCO-BoIAVH |
||
| 041 | _aspa | ||
| 082 | 4 |
_a333.7071 _bV86m |
|
| 100 | 1 | _aVélez Sáenz, Andrés | |
| 245 | 1 | _aManejo de conflictos ambientales | |
| 260 |
_aMedellín _bCORANTIOQUIA _c2001 |
||
| 300 |
_a40 paginas.; _bilustraciones; _c23 x 16 cm |
||
| 650 | 4 | _aResolución de conflictos | |
| 650 | 4 | _aMedio ambiente | |
| 650 | 4 | _aManual de procedimientos | |
| 942 |
_cLIBRO _2ddc |
||
| 999 |
_c2450 _d2450 |
||